Day of Infamy Speech : (Record no. 251060)
[ view plain ]
| 000 -LEADER | |
|---|---|
| fixed length control field | 00886cam a22002653a 4500 |
| 001 - CONTROL NUMBER | |
| control field | 21805 |
| 003 - CONTROL NUMBER IDENTIFIER | |
| control field | PGUSA |
| 005 - DATE AND TIME OF LATEST TRANSACTION | |
| control field | 20140828083450.0 |
| 008 - FIXED-LENGTH DATA ELEMENTS--GENERAL INFORMATION | |
| fixed length control field | 070611s2007||||xxu|||||s|||||000 | eng d |
| 040 ## - CATALOGING SOURCE | |
| Original cataloging agency | PGUSA |
| Language of cataloging | eng |
| 042 ## - AUTHENTICATION CODE | |
| Authentication code | dc |
| 050 #4 - LIBRARY OF CONGRESS CALL NUMBER | |
| Classification number | D731 |
| 100 1# - MAIN ENTRY--PERSONAL NAME | |
| Personal name | Roosevelt, Franklin D. |
| Fuller form of name | (Franklin Delano), |
| Dates associated with a name | 1882-1945 |
| 245 10 - TITLE STATEMENT | |
| Title | Day of Infamy Speech : |
| Remainder of title | Given before the US Congress December 8 1941 |
| Medium | [electronic resource] / |
| Statement of responsibility, etc | Franklin D. Roosevelt |
| 260 ## - PUBLICATION, DISTRIBUTION, ETC. (IMPRINT) | |
| Name of publisher, distributor, etc | Project Gutenberg, |
| Date of publication, distribution, etc | 2007 |
| 500 ## - GENERAL NOTE | |
| General note | Available as text and MP3 audio. |
| 506 ## - RESTRICTIONS ON ACCESS NOTE | |
| Terms governing access | Public domain in the USA. |
| 516 ## - TYPE OF COMPUTER FILE OR DATA NOTE | |
| Type of computer file or data note | Electronic text |
| 653 ## - INDEX TERM--UNCONTROLLED | |
| Uncontrolled term | World War, 1939-1945 -- Campaigns -- Pacific Area |
| 653 ## - INDEX TERM--UNCONTROLLED | |
| Uncontrolled term | Pearl Harbor (Hawaii), Attack on, 1941 |
| 653 ## - INDEX TERM--UNCONTROLLED | |
| Uncontrolled term | Speeches, addresses, etc. |
| 830 #0 - SERIES ADDED ENTRY--UNIFORM TITLE | |
| Uniform title | Project Gutenberg |
| Volume number/sequential designation | 21805 |
| 856 40 - ELECTRONIC LOCATION AND ACCESS | |
| Uniform Resource Identifier | <a href="http://www.gutenberg.org/ebooks/21805">http://www.gutenberg.org/ebooks/21805</a> |
| 942 ## - ADDED ENTRY ELEMENTS (KOHA) | |
| Koha item type | eBooks |
| Withdrawn status | Lost status | Damaged status | Home library | Current library | Date acquired | Total Checkouts | Date last seen | Price effective from | Koha item type |
|---|---|---|---|---|---|---|---|---|---|
| Project Gutenberg | Project Gutenberg | 08/28/2014 | 08/28/2014 | 08/28/2014 | eBooks |